000 00716nam a2200265Ia 4500
003 OSt
005 20220925224912.0
006 a|||||r|||| 00| 0
007 ta
008 220923b |||||||| |||| 00| 0 eng d
020 _a0415033004
037 _cGeneral Book
040 _aRTL
_cRTL
_beng
041 _2eng
_aeng
082 _aRxM59H, N0
100 _aBell David
_914671
245 0 _aHusserl
260 _aLondon
_bRoutledge Publications U. K.
_c1990
300 _axv,266p
_ccm.
490 _aArguments of the Philosophers
500 _aBibliography:p.252-63
650 _aPhilosophy-Husserl
_9291658
942 _hRxM59H, N0
_cGB
_2CC
999 _c582526
_d582526